000 00297nam a22001337a 4500
020 _a1-9043-5159-X
082 _a823
_bHOR/T
100 _aHORSLEY, LARRAINE
245 _aWILD ANIMALS
260 _aUK
_bLADYBIRD
520 _aENGLISH SHORT STORY
650 _aENGLISH SHORT STORY
_zUK
942 _cBK
999 _c4888
_d4888